000 00634nam a22001937a 4500
999 _c169497
_d169497
005 20191121155614.0
010 _aUR-10599
020 _c200.00
_a9789389358063
035 _aU-9154
037 _bDBAD/PUB
_a-
082 _a841
100 _aتبسم فر ہا نہ
245 _aا فکا ر تا با ں
_cتبسم فر ہا نہ
246 _bAfkar-e-Taban (Urdu)
_aby Tabassum Farhana
260 _aDelhi
_bEducational Publishing House
_c2019 ء
270 _a3191,Vakil Street, Kucha Pandit,Lal Kuan,
_bDelhi
_e110006
_k01123216162
_l-
300 _a168 ص
_c22 Cm(Hb)
942 _2ddc
_cUR
_h841
_mف ر ہ